000 00990nam a22002297a 4500
003 BR-ViAPE
005 20260512164245.0
008 260512s2019 porabcogsb||| 001 0 por d
020 _q978-85-94353-80-1
040 _cBR-ViAPE
245 _aHistória dos povos indígenas no Espírito Santo:
_bos Guarani
260 _aVitória
_bEditora Milfontes
_c2019
300 _a110 p.
_bil.
_c20 cm.
300 _bLivro disponível em PDF
490 _aColeção História dos Povos Indígenas no Espírito Santo
_vv. 3
500 _aLivro disponível em versão digital mediante autorização do autor. Pertence ao projeto APEES Autores Pela Memória
650 _aIndígenas
_xAntropologia
_xHistória
_xGuarani
_zEspírito Santo (Brasil)
651 _aEspírito Santo (Brasil)
700 _aBentivoglio, Julio
_eorganizador
856 _uhttps://ape.es.gov.br/Media/ape/PDF/Livros/Autores_pela_memoria/BR_APEES_03_Livro_Os_Guarani.pdf
_yCLIQUE AQUI PARA ACESSAR O DOCUMENTO
942 _2ddc
_cBK
_n1
999 _c639
_d639